| 000 | 01564nam a22002291 4500 | ||
|---|---|---|---|
| 001 | 157286 | ||
| 003 | ES-MaACL | ||
| 005 | 20250809063529.0 | ||
| 008 | 940301m18791880sp |||| | spa d | ||
| 100 | 1 |
_aLaurent, François, _d1810-1887 _9128741 |
|
| 245 | 1 | 3 |
_aLa historia de la humanidad / _cestudios por F. Laurent ; traducidos por Nicolás Salmerón y Alonso, Angel Fernández de los Rios y Tomás Rodríguez Pinilla. |
| 250 | _aEd. ilustrada. | ||
| 260 |
_aMadrid : _bCasa Editorial y Administración de la Viuda de Rodriguez, _c1879-1880. |
||
| 300 |
_a5 v. : _bil. ; _c30 cm. |
||
| 505 | 8 | _aContiene: t.I. El Oriente, la Grecia, Roma (1100 p., [13] h. de lám.) -- t.II. Los bárbaros y el catolicismo, el pontificado y el imperio, el feudalismo y la iglesia, la reforma (1105 p., [4] h. de lám.) -- t.III. Las guerras de religión, las nacionalidades, la política real, la filosofía del siglo XVIII y el cristianismo (1126 p., [2] h. de lám.) -- t. IV La Revolución Francesa (primera y segunda parte), el Imperio, la reacción religiosa (1262 p., [1] h. de lám.) -- t. V La Iglesia y el Estado(primera y segunda parte), La religión del porvenir, Filosofía de la Historia (966 p., [8] h. de lám.) | |
| 650 | 0 | 4 |
_aCivilización- _xHistoria _911082 |
| 700 | 1 |
_aSalmerón y Alonso, Nicolás, _d1838-1908 _9101996 |
|
| 700 | 1 |
_aRodríguez Pinilla, Tomás. _9143531 |
|
| 700 | 1 |
_aFernández de los Ríos, Ángel, _d1821-1880 _9149656 |
|
| 852 |
_aES-MaACL _jC-1896-1900 _z-- Enc. hol. _z-- Legado M. de la Fuente |
||
| 999 |
_c157286 _d157286 |
||